000 00527nam a2200217 i 4500
001 bg
100 1 _aMUSIAŁKIEWICZ, Jacek
245 1 0 _aMarketing /
_cJacek Musiałkiewicz.
260 _aWarszawa :
_bWydawnictwo Ekonomik,
_c1996.
300 _a168 s. ;
_c21 cm.
504 _aBibliogr.
650 9 _aMarketing
655 _aPodręczniki
020 _a8390198207
040 _cBPK
041 0 _apol
080 _a339.138(07)
920 _a83-901982-0-7
942 _cKS
008 s pl f |000 0 pol
999 _c52917
_d52917
856 _uhttp://koha.tu.koszalin.pl/cgi-bin/koha/opac-detail.pl?biblionumber=52917
_yKatalog online BPK